| 000 | 00766nam a2200205 a 4500 | ||
|---|---|---|---|
| 008 | 091014s1995 ||||||||||||||||| || u | ||
| 050 | _aAERC(08)SP/19 | ||
| 100 | _aSchmidt-Hebbel, Klaus | ||
| 245 | 1 | 0 | _aFiscal adjustment and growth: in and out of Africa |
| 260 |
_aNairobi: _bAERC _c1995 |
||
| 300 | _a53p. | ||
| 350 | _a0.00 | ||
| 490 | _aAERC Special paper | ||
| 650 | 0 | _aAFRICA--ECONOMIC POLICY | |
| 650 | _aFINANCE, PUBLIC--AFRICA, SUB-SAHARAN | ||
| 650 | 0 | _aFINANCE--DEVELOPING COUNTRIES | |
| 650 | _aDEFICIT FINANCING--AFRICA | ||
| 710 | _aAfrican Economic Research Consortium (AERC) | ||
| 995 |
_D0.00 _FCBU-MAIN LIBRARY (Kitwe) _H1 _I0.00 _M1 _UAVAILABLE _WOct 14, 2009 _ZInternational Publications |
||
| 999 |
_c43574 _d43574 |
||